| 000 | 00405pab a2200145 454500 | ||
|---|---|---|---|
| 008 | 180718b1999 xxu||||| |||| 00| 0 eng d | ||
| 100 | _aRay, R. | ||
| 245 | _aWomen's movements in the Third World: identity, mobilization and autonomy | ||
| 260 | _c1999 | ||
| 300 | _ap.47-71 | ||
| 650 | _aWomens liberation movement | ||
| 700 | _aKorteweg, A.C. | ||
| 773 | _aAnnual Review of Sociology | ||
| 909 | _a42765 | ||
| 999 |
_c42765 _d42765 |
||